|
|
|
|
| LEADER |
00000nam0a2200000 4500 |
| 001 |
350614 |
| 005 |
20231102010323.0 |
| 035 |
|
|
|a (RuTPU)RU\TPU\retro\4789
|
| 090 |
|
|
|a 350614
|
| 100 |
|
|
|a 20190211d1974 k y0rusy50 ca
|
| 101 |
0 |
|
|a rus
|
| 102 |
|
|
|a RU
|
| 105 |
|
|
|a a z 001zy
|
| 200 |
1 |
|
|a Грозы Восточной Сибири
|f А. Х. Филиппов
|
| 210 |
|
|
|a Ленинград
|c Гидрометеоиздат
|d 1974
|
| 215 |
|
|
|a 76 с.
|c ил.
|
| 320 |
|
|
|a Библиогр.: с. 73-75
|
| 330 |
|
|
|a На примере Восточной Сибири рассматриваются результаты комплексного исследования грозовой деятельности. Кратко изложены аэросиноптические условия возникновения гроз. Основное внимание уделено климатологическому обобщению всех имеющихся материалов о числе дней с грозой: построены карты многолетнего среднего числа дней с грозой, найдены сттистические параметры и исследована структура многолетних колебаний числа дней с грозой. Обобщены результаты инструментальных исследований числа грозовых разрядов и вариаций напряженности электрического поля при грозах. Представляет интерес для метеорологов, синоптиков, климатологов, а также для инженеров электроэнергетикии связи.
|
| 606 |
1 |
|
|a Грозы
|2 stltpush
|3 (RuTPU)RU\TPU\subj\8652
|9 36020
|
| 610 |
1 |
|
|a библиотека А. А. Воробьева
|
| 610 |
1 |
|
|a Восточная Сибирь
|
| 610 |
1 |
|
|a аэросиптические условия
|
| 610 |
1 |
|
|a грозовая деятельность
|
| 610 |
1 |
|
|a климатологические характеристики
|
| 610 |
1 |
|
|a физико-статистические характеристики
|
| 610 |
1 |
|
|a инструментальные исследования
|
| 675 |
|
|
|a 551.594.2
|v 4
|
| 700 |
|
1 |
|a Филиппов
|b А. Х.
|g Адольф Хрисанфович
|
| 801 |
|
1 |
|a RU
|b 63413507
|c 20190211
|
| 801 |
|
2 |
|a RU
|b 63413507
|c 20190305
|g RCR
|
| 942 |
|
|
|c BK
|